| 000 | 00602nam a22002057a 4500 | ||
|---|---|---|---|
| 003 | 0 | ||
| 005 | 20230929123809.0 | ||
| 008 | 230929b xxu||||| |||| 00| 0 eng d | ||
| 020 | _a978-1-350-33792-3 | ||
| 050 |
_aPE 1429 _b.G74 2022 |
||
| 100 | _aGreetham, Bryan | ||
| 245 |
_aHow to write better essays _cBryan Greetham |
||
| 250 | _a5th edition | ||
| 260 |
_aSydney _bBloomsbury Academic _cc2023. |
||
| 300 |
_axviii, 311 pages ; _c24 cm. |
||
| 500 | _aEssay writing. | ||
| 504 | _aIncludes bibliographical references, index, and glossary. | ||
| 650 | _aEssay writing. | ||
| 942 |
_2lcc _cBK |
||
| 999 |
_c365434 _d365434 |
||